000 00866cai a22001815a 4500
001 L138090
008 070516u xxk g 000 0 eng d
035 _a(Sirsi) u138090
041 0 _aeng
110 2 _aAssociation for the Conservation of Energy
_95198
245 0 0 _aAssociation for the Conservation of Energy
520 _aWebsite for this association which aims to promote awareness of the benefits of energy conservation, help inform policy in this area, and increase investment in energy saving measures. Includes details of ACE campaigns and research, news, publications, and an A-Z list of energy related websites.
590 _aKA
651 4 _aUnited Kingdom
_y
690 _aENVIRONMENTAL AND LAND CONSULTANCY-ENERGY-ENERGY USE-ENERGY CONSERVATION
856 4 0 _uhttps://www.ukace.org/
_zView the website free of charge at www.ukace.org...
942 _n0
999 _c120597
_d120597